Quick Pick: Classic Nickelodeon Shows Quiz Stats

 Plays Quiz Updated Oct 1, 2016

Challenge
Share
Tweet
Embed
Score 0/20 Timer 01:30
4 Plays Today
% Correct
SquarePants
95.3%
Dark
92%
Fairly
89.6%
Double
85.8%
Avatar
85.3%
Stimpy
84.3%
Josh
84.2%
Kenan
82.9%
Wild
82.4%
Robot
80.6%
% Correct
Clarissa
76.6%
Angry
76.4%
Temple
73.5%
Salute
73.3%
Secret
72.8%
Modern
70.6%
Pete
64.4%
Castle
61.5%
Invader
60.7%
Cousin
58%

Today's Daily Dose

You're not logged in!

Compare scores with friends on all Sporcle quizzes.
Join for Free
OR
Log In

You Might Also Like...

Show Comments

Extras

Top Quizzes Today


Score Distribution

Your Account Isn't Verified!

In order to create a playlist on Sporcle, you need to verify the email address you used during registration. Go to your Sporcle Settings to finish the process.

Report this User

Report this user for behavior that violates our Community Guidelines.

Details: